[Event "CZE-tht Extraliga 2018-19"]
[Site "Czech Republic"]
[Date "2019.04.21"]
[Round "11.1"]
[White "Nabaty, Tamir"]
[Black "Kociscak, Jiri"]
[Result "0-1"]
[WhiteElo "2683"]
[BlackElo "2496"]
[Annotator "TA"]
[PlyCount "104"]
[EventDate "2018.11.03"]
[EventType "team-tourn"]
[EventCountry "CZE"]
[SourceTitle "playchess.com"]
[Source "ChessBase"]
[SourceQuality "1"]
[WhiteTeam "Lysa nad Labem"]
[BlackTeam "Ostrava"]

{[%evp 16,104,18,24,23,0,7,0,5,-23,-23,-22,-12,-28,-20,-34,-30,-28,-10,-25,-41,-34,75,75,135,124,127,158,143,156,159,152,138,145,148,148,135,145,133,0,21,-232,-227,-29970,-29971,-29971,-29972,-29972,-29973,-29973,0,0,0,-29973,-29974,-29974,-29975,-29975,0,0,0,-29975,-29976,-29976,-29977,-29977,-29978,-29978,-29979,-29979,-29980,-29980,-29981,-29981,-29982,-29977,-29977,-29975,-29974,-29992,-29993,-29993,-29994,-29994,-29995,-29995,-29996,-29996,-29997,-29997,-29998]} 1. d4 d5 2. Nf3 e6 3. Bf4 c5 4. e3 Nc6 5. Nbd2 Nf6 6. c3 Bd6 7. Bg3 Bxg3 8. hxg3 Qd6 9. Bb5 Bd7 {D02: 1 d4 d5 2 Nf3 sidelines, including 2...Nf6 3 g3 and 2...Nf6 3 Bf4} 10. Qa4 (10. Bxc6 Bxc6 11. Ne5 Qc7 12. Qf3 h6 13. Qf4 Qe7 14. g4 Nh7 15. Qg3 Rg8 16. O-O Nf6 17. Rac1 {1-0 (29) Carlsen,M (2857)-Ghaem Maghami,E (2566) Baku 2016}) 10... O-O 11. Bxc6 $146 ({Predecessor:} 11. Qa3 b6 12. Nb3 Ne4 13. Bd3 f5 14. Bxe4 fxe4 15. Nfd2 Qc7 16. O-O c4 17. Nc1 {0-1 (38) Dos Santos,H (2254)-El Debs,F (2478) Brasilia 2011}) 11... Bxc6 {The position is equal.} 12. dxc5 Qxg3 13. Qd4 Qg6 14. O-O-O Nd7 15. Ne5 Nxe5 16. Qxe5 Rfe8 17. Rh3 f6 18. Qh2 Rac8 (18... h6 $15) 19. Rh1 $1 $16 Ba4 (19... h6 $142) 20. b3 $36 {[%mdl 2048] White is really pushing.} Rxc5 21. e4 $1 {And now Rg3 would win.} Rec8 22. bxa4 dxe4 23. Kb2 {[%cal Rh3h7]} (23. Rxh7 e3 $11) 23... Rd5 24. Nb3 {[%cal Rh3h7]} h6 25. Rg3 Qf5 26. f3 {Hoping for Qxh6.} Kf8 27. Qh4 (27. Rg4 $16) 27... Rd3 $1 $11 {[%csl LRc3,LRf3]} 28. Rc1 $2 {[%mdl 8192]} (28. f4 $11 {and White has nothing to worry.}) 28... Rcxc3 $1 $19 {( -> ...Qe5)} 29. Qg4 $2 (29. Rxc3 $2 Qe5 $19) (29. f4 $19 Rxg3 30. Rxc3 Rxg2+ 31. Ka3) 29... Rxb3+ $1 (29... Qxg4 30. Rxg4 Rxc1 31. Nxc1 $11) 30. axb3 Qe5+ 31. Ka3 Qd6+ $1 32. Kb2 Qe5+ $2 (32... Rd2+ {mates} 33. Rc2 Qd4+ 34. Ka3 Qd6+ 35. Kb2 Qd4+ 36. Ka3 Qd6+ 37. Kb2) 33. Ka3 $11 Qd6+ $2 {[%mdl 8192]} (33... g5 $11 34. f4 Qd6+ 35. Kb2 e3) 34. Kb2 $1 (34. Ka2 Rd2+ 35. Kb1 Qd3+ 36. Ka1 Qd4+ 37. Rc3 Qxc3+ 38. Kb1 Qb2#) 34... Rd2+ 35. Rc2 Qd4+ 36. Ka3 Qd6+ 37. Kb2 $1 Qd4+ 38. Ka3 $1 (38. Kb1 {leads to mate.} Rd1+ 39. Rc1 Qd3+ 40. Kb2 Rd2+ 41. Ka3 Qd6+ 42. b4 Qd3+ 43. Rc3 Qxc3#) 38... Qa1+ $1 {Black mates.} 39. Kb4 a5+ $1 ({And not} 39... Rxc2 40. Qxg7+ Ke8 41. Qg8+ Ke7 42. Rg7+ Kd6 43. Qb8+ $1 {[%mdl 512]} Kd5 44. Rd7+ Kc6 45. Qxb7#) 40. Kb5 Rd5+ $1 ({Not} 40... Rxc2 41. Qxg7+ Ke8 42. Qg8+ Ke7 43. Rg7+ Kd6 44. Qb8+ Rc7 45. Qxc7+ Kd5 46. Rd7#) 41. Kb6 Qd4+ 42. Kxb7 Rd7+ 43. Rc7 Qd5+ {[%mdl 64] Double Attack} 44. Kb8 {[#]} Rd8+ $1 45. Rc8 Qd6+ 46. Kb7 {[#]} Qd7+ $1 {[%mdl 64] Double Attack} 47. Rc7 Qd5+ {[%mdl 64] Double Attack} 48. Rc6 Rd7+ 49. Kb6 Qxb3+ {[%mdl 64] Double Attack} 50. Kxa5 Ra7+ 51. Ra6 Qd5+ 52. Kb4 Rb7+ {Accuracy: White = 59%, Black = 71%.} 0-1

[Event "CZE-tht Extraliga 2018-19"]
[Site "Czech Republic"]
[Date "2019.04.21"]
[Round "11.1"]
[White "Azarov, Sergei"]
[Black "Balogh, Csaba"]
[Result "1/2-1/2"]
[WhiteElo "2595"]
[BlackElo "2610"]
[Annotator "ChessBase"]
[PlyCount "69"]
[EventDate "2018.11.03"]
[EventType "team-tourn"]
[EventCountry "CZE"]
[SourceTitle "playchess.com"]
[Source "ChessBase"]
[SourceQuality "1"]
[WhiteTeam "Beskydska"]
[BlackTeam "Brno"]
[TimeControl "40/5400+30:1800+30"]

1. e4 {[%emt 0:00:00]} e5 {[%emt 0:00:00]} 2. Nf3 {[%emt 0:00:00]} Nc6 {[%emt 0:00:00]} 3. Bb5 {[%emt 0:00:00]} Nf6 {[%emt 0:00:00]} 4. O-O {[%emt 0:00:13]} Nxe4 {[%emt 0:00:05]} 5. Re1 {[%emt 0:00:34]} Nd6 {[%emt 0:00:05]} 6. Nxe5 {[%emt 0:00:25]} Be7 {[%emt 0:00:05]} 7. Bf1 {[%emt 0:00:27]} O-O {[%emt 0:01:46]} 8. d4 {[%emt 0:01:17]} Nf5 {[%emt 0:00:13]} 9. Nf3 {[%emt 0:00:27]} d5 {[%emt 0:00:06]} 10. c3 {[%emt 0:00:41]} Bd6 {[%emt 0:00:28]} 11. Nbd2 {[%emt 0:09:14]} Re8 {[%emt 0:01:22]} 12. Rxe8+ {[%emt 0:00:36]} Qxe8 {[%emt 0:00:08]} 13. Bd3 {[%emt 0:01:04]} Nfe7 {[%emt 0:13:18]} 14. Nf1 {[%emt 0:13:15]} Ng6 {[%emt 0:03:18]} 15. Ng3 {[%emt 0:15:56]} Nce7 {[%emt 0:00:30]} 16. Qc2 {[%emt 0:02:15]} Bg4 {[%emt 0:03:31]} 17. Ne5 {[%emt 0:05:34]} Nxe5 {[%emt 0:05:00]} 18. dxe5 {[%emt 0:00:57]} Bxe5 {[%emt 0:00:04]} 19. Bxh7+ {[%emt 0:00:20]} Kh8 {[%emt 0:00:04]} 20. Bd3 {[%emt 0:01:03]} Bd6 {[%emt 0:15:52]} 21. Bd2 {[%emt 0:05:29]} Qd7 {[%emt 0:02:21]} 22. Re1 {[%emt 0:02:27]} Re8 {[%emt 0:02:16]} 23. h3 {[%emt 0:04:31]} Bxg3 {[%emt 0:04:37]} 24. fxg3 {[%emt 0:05:24]} Bh5 {[%emt 0:00:48]} 25. Qb3 {[%emt 0:07:53]} b6 {[%emt 0:03:11]} 26. g4 {[%emt 0:11:50]} Bg6 {[%emt 0:00:05]} 27. Bxg6 {[%emt 0:00:56]} Nxg6 {[%emt 0:01:08]} 28. Rxe8+ {[%emt 0:01:49]} Qxe8 {[%emt 0:00:03]} 29. Qxd5 {[%emt 0:00:13]} Qe2 {[%emt 0:00:04]} 30. Qg5 {[%emt 0:02:34]} Qd3 {[%emt 0:05:31]} 31. Kh2 {[%emt 0:02:42]} Qd6+ {[%emt 0:00:04]} 32. Kh1 {[%emt 0:00:30]} Qd3 {[%emt 0:00:05]} 33. Kh2 {[%emt 0:01:59]} Qd6+ {[%emt 0:00:04]} 34. Kh1 {[%emt 0:00:04]} Qd3 {[%emt 0:00:03]} 35. Kh2 {[%emt 0:02:03]} 1/2-1/2

[Event "CZE-tht Extraliga 2018-19"]
[Site "Czech Republic"]
[Date "2019.04.21"]
[Round "11.1"]
[White "Molenda, Marcin"]
[Black "Sadzikowski, Daniel"]
[Result "1/2-1/2"]
[WhiteElo "2383"]
[BlackElo "2523"]
[Annotator "ChessBase"]
[PlyCount "28"]
[EventDate "2018.11.03"]
[EventType "team-tourn"]
[EventCountry "CZE"]
[SourceTitle "playchess.com"]
[Source "ChessBase"]
[SourceQuality "1"]
[WhiteTeam "Cesky Tesin"]
[BlackTeam "Duras"]
[TimeControl "40/5400+30:1800+30"]

1. d4 Nf6 2. c4 e6 3. Nf3 d5 4. g3 Bb4+ 5. Bd2 Be7 6. Bg2 O-O 7. O-O Nbd7 8. Qc2 c6 9. b3 Ne4 10. Bc1 a5 11. Ba3 Bxa3 12. Nxa3 Qe7 13. Nb1 a4 14. Nc3 Nxc3 1/2-1/2

[Event "CZE-tht Extraliga 2018-19"]
[Site "Czech Republic"]
[Date "2019.04.21"]
[Round "11.1"]
[White "Vavra, Pavel"]
[Black "Kempinski, Robert"]
[Result "0-1"]
[WhiteElo "2359"]
[BlackElo "2575"]
[Annotator "ChessBase"]
[PlyCount "40"]
[EventDate "2018.11.03"]
[EventType "team-tourn"]
[EventCountry "CZE"]
[SourceTitle "playchess.com"]
[Source "ChessBase"]
[SourceQuality "1"]
[WhiteTeam "Siesta B"]
[BlackTeam "Poruba"]
[TimeControl "40/5400+30:1800+30"]

1. d4 {[%emt 0:00:00]} Nf6 {[%emt 0:00:00]} 2. Bg5 {[%emt 0:00:00]} c5 {[%emt 0:00:52]} 3. d5 {[%emt 0:00:00]} g6 {[%emt 0:05:54]} 4. Nc3 {[%emt 0:13:17]} d6 {[%emt 0:00:54]} 5. e4 {[%emt 0:00:19]} Bg7 {[%emt 0:00:15]} 6. Nf3 {[%emt 0:02:00]} h6 {[%emt 0:01:06]} 7. Bf4 {[%emt 0:07:31]} Qa5 {[%emt 0:02:54]} 8. Nd2 {[%emt 0:11:40]} Nh5 {[%emt 0:06:06]} 9. Be3 {[%emt 0:05:16]} Bxc3 {[%emt 0:00:34]} 10. bxc3 {[%emt 0:00:05]} Qxc3 {[%emt 0:00:20]} 11. Be2 {[%emt 0:07:58]} b6 {[%emt 0:01:48]} 12. Rb1 {[%emt 0:02:47]} Ba6 {[%emt 0:03:00]} 13. Rb3 {[%emt 0:09:27]} Bxe2 {[%emt 0:05:31]} 14. Qxe2 {[%emt 0:03:45]} Qxc2 {[%emt 0:06:21]} 15. O-O {[%emt 0:01:45]} Qxa2 {[%emt 0:00:28]} 16. e5 {[%emt 0:07:35]} dxe5 {[%emt 0:06:32]} 17. Bxc5 {[%emt 0:01:09]} bxc5 {[%emt 0:04:32]} 18. Qb5+ {[%emt 0:00:06]} Nd7 {[%emt 0:01:14]} 19. Nc4 {[%emt 0:00:30]} a6 {[%emt 0:03:51]} 20. Qc6 {[%emt 0:00:49]} O-O {[%emt 0:02:41]} 0-1

[Event "CZE-tht Extraliga 2018-19"]
[Site "Czech Republic"]
[Date "2019.04.21"]
[Round "11.2"]
[White "Vidit, Santosh Gujrathi"]
[Black "Ftacnik, Lubomir"]
[Result "1/2-1/2"]
[WhiteElo "2717"]
[BlackElo "2516"]
[Annotator "TA"]
[PlyCount "79"]
[EventDate "2018.11.03"]
[EventType "team-tourn"]
[EventCountry "CZE"]
[SourceTitle "playchess.com"]
[Source "ChessBase"]
[SourceQuality "1"]
[WhiteTeam "Novoborsky"]
[BlackTeam "Turnov"]

1. e4 c5 2. Nf3 d6 3. d4 cxd4 4. Nxd4 Nf6 5. Nc3 a6 6. Be3 e5 7. Nb3 Be6 8. f3 h5 9. Nd5 Bxd5 10. exd5 Nbd7 11. Qd2 g6 12. O-O-O Rc8 13. Kb1 Qc7 14. Rc1 Bg7 15. Be2 O-O 16. g4 Rfe8 17. g5 Nh7 18. h4 Nhf8 19. Qa5 f5 20. gxf6 Nxf6 21. c4 Kh7 22. Rhd1 Qd7 23. Ka1 e4 24. f4 Ng4 25. Bxg4 Qxg4 26. Qd2 Nd7 27. Rg1 Qh3 28. Nd4 Nb6 29. b3 Nd7 30. Kb1 Nf6 31. Ne6 Rxe6 32. dxe6 Qxe6 33. Bd4 Re8 34. Qc3 e3 35. Ka1 Ne4 36. Qxe3 Ng5 37. Qc3 Bxd4 38. Qxd4 Nf3 39. Qc3 Nxg1 40. Rxg1 1/2-1/2

[Event "CZE-tht Extraliga 2018-19"]
[Site "Czech Republic"]
[Date "2019.04.21"]
[Round "11.2"]
[White "Michalik, Peter"]
[Black "Movsesian, Sergei"]
[Result "1/2-1/2"]
[WhiteElo "2577"]
[BlackElo "2637"]
[Annotator "ChessBase"]
[PlyCount "33"]
[EventDate "2018.11.03"]
[EventType "team-tourn"]
[EventCountry "CZE"]
[SourceTitle "playchess.com"]
[Source "ChessBase"]
[SourceQuality "1"]
[WhiteTeam "Siesta"]
[BlackTeam "Pardubice"]

1. d4 Nf6 2. c4 e6 3. Nf3 d5 4. Nc3 Bb4 5. Bg5 h6 6. Bxf6 Qxf6 7. e3 O-O 8. Rc1 dxc4 9. Bxc4 c5 10. O-O cxd4 11. Nxd4 Bd7 12. Qb3 Nc6 13. Nxc6 Bxc3 14. Rxc3 Bxc6 15. Bb5 Bd5 16. Bc4 Bc6 17. Bb5 1/2-1/2

[Event "CZE-tht Extraliga 2018-19"]
[Site "Czech Republic"]
[Date "2019.04.21"]
[Round "11.2"]
[White "Heberla, Bartlomiej"]
[Black "Fedorov, Alexei"]
[Result "1/2-1/2"]
[WhiteElo "2553"]
[BlackElo "2563"]
[Annotator "ChessBase"]
[PlyCount "35"]
[EventDate "2018.11.03"]
[EventType "team-tourn"]
[EventCountry "CZE"]
[SourceTitle "playchess.com"]
[Source "ChessBase"]
[SourceQuality "1"]
[WhiteTeam "Brno"]
[BlackTeam "Beskydska"]

1. e4 c5 2. Nf3 e6 3. d4 cxd4 4. Nxd4 a6 5. Be2 Nf6 6. Nc3 Bb4 7. Qd3 d6 8. Bd2 e5 9. Nb3 O-O 10. a3 Bxc3 11. Bxc3 Nc6 12. O-O Be6 13. Bf3 Qb6 14. Nd2 Rfd8 15. Nc4 Qc5 16. Ne3 d5 17. exd5 Nxd5 18. Bxd5 1/2-1/2

[Event "CZE-tht Extraliga 2018-19"]
[Site "Czech Republic"]
[Date "2019.04.21"]
[Round "11.2"]
[White "Markowski, Tomasz"]
[Black "Jurcik, Martin"]
[Result "1/2-1/2"]
[WhiteElo "2544"]
[BlackElo "2335"]
[Annotator "ChessBase"]
[PlyCount "60"]
[EventDate "2018.11.03"]
[EventType "team-tourn"]
[EventCountry "CZE"]
[SourceTitle "playchess.com"]
[Source "ChessBase"]
[SourceQuality "1"]
[WhiteTeam "Poruba"]
[BlackTeam "Siesta B"]

1. c4 c5 2. g3 Nc6 3. Bg2 g6 4. Nc3 Bg7 5. b3 d6 6. Bb2 e5 7. d3 Nge7 8. Nf3 O-O 9. O-O h6 10. a3 Be6 11. Nd2 Qd7 12. Nd5 Bh3 13. Rb1 Bxg2 14. Kxg2 f5 15. b4 Rf7 16. bxc5 dxc5 17. e4 fxe4 18. dxe4 Raf8 19. Bc3 Nd4 20. Bxd4 cxd4 21. Qb3 b6 22. Qb5 Nxd5 23. Qxd5 Qe7 24. Rb3 Kh7 25. Qc6 Rf6 26. Qa4 h5 27. Rd3 Bh6 28. Nf3 Rc8 29. Qb4 Rc5 30. Nd2 Bxd2 1/2-1/2

[Event "CZE-tht Extraliga 2018-19"]
[Site "Czech Republic"]
[Date "2019.04.21"]
[Round "11.2"]
[White "Shengelia, David"]
[Black "Straka, Vojtech"]
[Result "1-0"]
[WhiteElo "2530"]
[BlackElo "2366"]
[Annotator "ChessBase"]
[PlyCount "103"]
[EventDate "2018.11.03"]
[EventType "team-tourn"]
[EventCountry "CZE"]
[SourceTitle "playchess.com"]
[Source "ChessBase"]
[SourceQuality "1"]
[WhiteTeam "Duras"]
[BlackTeam "Cesky Tesin"]

1. d4 d5 2. Bf4 Nf6 3. e3 e6 4. Nd2 c5 5. c3 Nc6 6. Ngf3 Bd6 7. Bg3 Qe7 8. Ne5 O-O 9. Bd3 Nd7 10. Nxd7 Qxd7 11. Qc2 h6 12. dxc5 Bxc5 13. e4 d4 14. Nb3 Bb6 15. O-O-O e5 16. Bb5 Qe6 17. Kb1 dxc3 18. Qxc3 Nd4 19. Bc4 Qe7 20. f3 Nxb3 21. Qxb3 Bd4 22. Bd5 Bd7 23. Rxd4 exd4 24. Qxb7 a5 25. Rd1 Rad8 26. a3 Qf6 27. Qa7 Be6 28. Qxd4 Bxd5 29. exd5 Qa6 30. Bc7 Rd7 31. d6 a4 32. Qd3 Qb7 33. Qc4 Re8 34. Qxa4 Re2 35. Qb4 Qc6 36. Rc1 Qd5 37. a4 Rxg2 38. a5 Qd3+ 39. Ka2 Rg5 40. Rc3 Qd1 41. Qb3 Qe1 42. Qa4 Qe6+ 43. Rb3 g6 44. a6 Rg1 45. a7 Qe1 46. a8=Q+ Kh7 47. Rc3 Qa1+ 48. Kb3 Qd1+ 49. Ka3 Qa1+ 50. Kb4 Qxb2+ 51. Qb3 Qd2 52. Qad5 1-0

[Event "CZE-tht Extraliga 2018-19"]
[Site "Czech Republic"]
[Date "2019.04.21"]
[Round "11.2"]
[White "Biolek, Richard Jr."]
[Black "Najer, Evgeniy"]
[Result "0-1"]
[WhiteElo "2442"]
[BlackElo "2667"]
[Annotator "TA"]
[PlyCount "132"]
[EventDate "2018.11.03"]
[EventType "team-tourn"]
[EventCountry "CZE"]
[SourceTitle "playchess.com"]
[Source "ChessBase"]
[SourceQuality "1"]
[WhiteTeam "Ostrava"]
[BlackTeam "Lysa nad Labem"]

1. d4 Nf6 2. Nf3 e6 3. Bf4 b6 4. e3 Bb7 5. Nbd2 Nh5 6. Bg5 Be7 7. Bxe7 Qxe7 8. Bd3 O-O 9. Qe2 f5 10. h3 c5 11. g4 Nf6 12. dxc5 Nc6 13. g5 Nd5 14. cxb6 Ncb4 15. a3 axb6 16. c4 Nc7 17. O-O Nxd3 18. Qxd3 e5 19. Qc3 d6 20. Kh2 Ne6 21. Rg1 Nc5 22. Rae1 Ne4 23. Qb3 Kh8 24. Re2 Nc5 25. Qc3 Qe8 26. g6 Rf6 27. Nh4 hxg6 28. f3 g5 29. Rxg5 Ne6 30. Rxf5 Rh6 31. Ng2 Qg6 32. Qc2 Qh7 33. h4 Rf6 34. e4 Nd4 35. Qd3 Nxf5 36. exf5 Qxf5 37. Qxf5 Rxf5 38. Re3 Raf8 39. Kg3 d5 40. cxd5 Bxd5 41. Rd3 Bb7 42. a4 R5f6 43. Re3 Rg6+ 44. Kf2 Rd8 45. Nf1 Ba6 46. Rxe5 Bxf1 47. Kxf1 Rd2 48. Ne1 Rxb2 49. a5 b5 50. Nd3 Rb3 51. Ke2 Rg2+ 52. Ke3 Ra2 53. Rd5 Rxa5 54. Kf4 Ra8 55. Kg5 Rb1 56. Ne5 Rb8 57. Kg6 Rb6+ 58. Kf7 Rf6+ 59. Ke7 Kg8 60. h5 Kh7 61. Nf7 Re1+ 62. Kf8 Ra1 63. Rd7 Rxf3 64. h6 g5 65. Ke8 Re1+ 66. Kd8 Rxf7 0-1

[Event "CZE-tht Extraliga 2018-19"]
[Site "Czech Republic"]
[Date "2019.04.21"]
[Round "11.3"]
[White "Landa, Konstantin"]
[Black "Velicka, Petr"]
[Result "1-0"]
[WhiteElo "2620"]
[BlackElo "2434"]
[Annotator "ChessBase"]
[PlyCount "117"]
[EventDate "2018.11.03"]
[EventType "team-tourn"]
[EventCountry "CZE"]
[SourceTitle "playchess.com"]
[Source "ChessBase"]
[SourceQuality "1"]
[WhiteTeam "Lysa nad Labem"]
[BlackTeam "Ostrava"]

1. e4 c6 2. d4 d5 3. exd5 cxd5 4. Bd3 Nc6 5. c3 Nf6 6. h3 g6 7. Bf4 Bf5 8. Be2 Qb6 9. Qb3 Qxb3 10. axb3 Bxb1 11. Rxb1 Bg7 12. Nf3 O-O 13. O-O a6 14. Rfe1 e6 15. b4 Ne4 16. Ra1 Rfd8 17. Ra2 Bf8 18. Rea1 Rac8 19. Rd1 Bd6 20. Be3 Be7 21. g3 Kg7 22. Kg2 h6 23. Ne5 Bg5 24. f4 Be7 25. Nd3 h5 26. Nc5 Nxc5 27. bxc5 Rb8 28. b4 Rdc8 29. f5 gxf5 30. Bf4 Ra8 31. Rda1 Kg6 32. b5 Nb8 33. h4 Bd8 34. bxa6 Nxa6 35. Bxa6 Rxa6 36. Rxa6 bxa6 37. Rxa6 Be7 38. Kf3 Bxc5 39. dxc5 Rxc5 40. Be5 Rb5 41. Bd4 Rb1 42. Ra8 f6 43. Ra6 Kf7 44. Bc5 Rc1 45. Bb4 Rf1+ 46. Ke2 Rg1 47. Ra7+ Kg6 48. Bf8 f4 49. gxf4 Kf5 50. Rf7 Rg2+ 51. Kd3 Rg3+ 52. Kc2 Rg2+ 53. Kb3 Rg3 54. Be7 Rg6 55. Rf8 Rh6 56. Kb4 e5 57. fxe5 Kxe5 58. Kc5 Rg6 59. Bxf6+ 1-0

[Event "CZE-tht Extraliga 2018-19"]
[Site "Czech Republic"]
[Date "2019.04.21"]
[Round "11.3"]
[White "Hracek, Zbynek"]
[Black "Cernousek, Lukas"]
[Result "1/2-1/2"]
[WhiteElo "2585"]
[BlackElo "2438"]
[Annotator "ChessBase"]
[PlyCount "62"]
[EventDate "2018.11.03"]
[EventType "team-tourn"]
[EventCountry "CZE"]
[SourceTitle "playchess.com"]
[Source "ChessBase"]
[SourceQuality "1"]
[WhiteTeam "Pardubice"]
[BlackTeam "Siesta"]

1. e4 e5 2. Nf3 Nf6 3. Nxe5 d6 4. Nf3 Nxe4 5. d3 Nf6 6. d4 Be7 7. Bd3 Bg4 8. O-O O-O 9. h3 Bh5 10. Re1 Re8 11. Nc3 Nbd7 12. Bf4 Nf8 13. d5 N6d7 14. Bf1 Bf6 15. g4 Bxc3 16. bxc3 Bg6 17. Qd2 Nc5 18. Bb5 Rxe1+ 19. Rxe1 Qf6 20. Qe3 Be4 21. g5 Qd8 22. Bc4 Nfd7 23. Nd2 Bxc2 24. Bf1 Nb6 25. c4 Qd7 26. h4 Rf8 27. Kh2 Bg6 28. Nb3 Qg4 29. Nxc5 Qxh4+ 30. Kg1 dxc5 31. Bg3 Qg4 1/2-1/2

[Event "CZE-tht Extraliga 2018-19"]
[Site "Czech Republic"]
[Date "2019.04.21"]
[Round "11.3"]
[White "Cyborowski, Lukasz"]
[Black "Ragger, Markus"]
[Result "1/2-1/2"]
[WhiteElo "2517"]
[BlackElo "2687"]
[Annotator "TA"]
[PlyCount "53"]
[EventDate "2018.11.03"]
[EventType "team-tourn"]
[EventCountry "CZE"]
[SourceTitle "playchess.com"]
[Source "ChessBase"]
[SourceQuality "1"]
[WhiteTeam "Turnov"]
[BlackTeam "Novoborsky"]

1. d4 Nf6 2. Nf3 g6 3. g3 Bg7 4. Bg2 O-O 5. O-O d5 6. c3 Nbd7 7. Bf4 b6 8. Ne5 Bb7 9. Nxd7 Qxd7 10. Be5 c5 11. Nd2 Rfc8 12. e3 Bf8 13. Bxf6 exf6 14. dxc5 bxc5 15. Qf3 f5 16. c4 Rab8 17. cxd5 Ba6 18. b3 Bxf1 19. Bxf1 Qd8 20. Nc4 Qc7 21. Rd1 Rd8 22. Qe2 Bd6 23. Qc2 Re8 24. Rc1 Bf8 25. Rd1 Bd6 26. Rc1 Bf8 27. Rd1 1/2-1/2

[Event "CZE-tht Extraliga 2018-19"]
[Site "Czech Republic"]
[Date "2019.04.21"]
[Round "11.3"]
[White "Antoniewski, Rafal"]
[Black "Tazbir, Marcin"]
[Result "1/2-1/2"]
[WhiteElo "2500"]
[BlackElo "2540"]
[Annotator "ChessBase"]
[PlyCount "58"]
[EventDate "2018.11.03"]
[EventType "team-tourn"]
[EventCountry "CZE"]
[SourceTitle "playchess.com"]
[Source "ChessBase"]
[SourceQuality "1"]
[WhiteTeam "Beskydska"]
[BlackTeam "Brno"]

1. d4 Nf6 2. c4 e6 3. g3 d5 4. Nf3 dxc4 5. Bg2 Bb4+ 6. Bd2 a5 7. O-O O-O 8. Qc2 b5 9. a4 bxa4 10. Rxa4 Bb7 11. Bxb4 axb4 12. Rxa8 Bxa8 13. Qxc4 Bd5 14. Qd3 c5 15. dxc5 Qa5 16. Rc1 Qa2 17. Nd4 Qxb2 18. Qd2 Qxd2 19. Nxd2 e5 20. e4 Bb7 21. c6 Rc8 22. Nf5 Rc7 23. Nb3 Bxc6 24. Na5 Kf8 25. f3 Ne8 26. Rc4 Bb5 27. Rxb4 Rc1+ 28. Kf2 Rc2+ 29. Kg1 Rc1+ 1/2-1/2

[Event "CZE-tht Extraliga 2018-19"]
[Site "Czech Republic"]
[Date "2019.04.21"]
[Round "11.3"]
[White "Piesik, Piotr"]
[Black "Ponizil, Cyril"]
[Result "1/2-1/2"]
[WhiteElo "2420"]
[BlackElo "2501"]
[Annotator "ChessBase"]
[PlyCount "39"]
[EventDate "2018.11.03"]
[EventType "team-tourn"]
[EventCountry "CZE"]
[SourceTitle "playchess.com"]
[Source "ChessBase"]
[SourceQuality "1"]
[WhiteTeam "Cesky Tesin"]
[BlackTeam "Duras"]

1. Nf3 Nf6 2. g3 b6 3. Bg2 Bb7 4. O-O e6 5. c4 c5 6. Nc3 d6 7. d4 cxd4 8. Qxd4 a6 9. b3 Nbd7 10. Bb2 Be7 11. Rfd1 O-O 12. Nd2 Bxg2 13. Kxg2 Qc7 14. Nde4 Rfd8 15. Nxf6+ Nxf6 16. e4 h6 17. f3 Bf8 18. Rac1 Rab8 19. Ne2 Qb7 20. Qd3 1/2-1/2

[Event "CZE-tht Extraliga 2018-19"]
[Site "Czech Republic"]
[Date "2019.04.21"]
[Round "11.3"]
[White "Slovak, Kilian"]
[Black "Bobras, Piotr"]
[Result "0-1"]
[WhiteElo "2247"]
[BlackElo "2484"]
[Annotator "RC"]
[PlyCount "100"]
[EventDate "2018.11.03"]
[EventType "team-tourn"]
[EventCountry "CZE"]
[SourceTitle "playchess.com"]
[Source "ChessBase"]
[SourceQuality "1"]
[WhiteTeam "Siesta B"]
[BlackTeam "Poruba"]

1. e4 c5 2. Nf3 Nc6 3. d4 cxd4 4. Nxd4 Nf6 5. Nc3 e5 6. Ndb5 d6 7. Bg5 a6 8. Na3 b5 9. Bxf6 gxf6 10. Nd5 f5 11. g3 fxe4 12. Bg2 Be6 13. Bxe4 Rc8 14. Qh5 Bg7 15. O-O Ne7 16. Rad1 Rc5 17. Nb4 Qb6 18. Qg5 Kf8 19. Qe3 f5 20. Nd5 Qc6 21. Nxe7 Qxe4 22. Qg5 Qg4 23. Qd2 d5 24. h3 Qxh3 25. Qb4 Kxe7 26. Qxc5+ Kf6 27. Rfe1 f4 28. Qd6 Kf7 29. Rd3 Bf6 30. Qc7+ Kf8 31. Rxe5 Rg8 32. Rxe6 Qxe6 33. Qxf4 Rg4 34. Qh6+ Kg8 35. Rf3 Rg6 36. Qf4 d4 37. Qb8+ Kg7 38. Qc7+ Kh8 39. Qb8+ Rg8 40. Qf4 Bg7 41. Qc1 Rc8 42. Qd1 Rc5 43. Rf4 h6 44. b3 Re5 45. Kg2 Re1 46. Qd2 Qd5+ 47. Rf3 Ra1 48. c4 Qh5 49. g4 Qh1+ 50. Kg3 Be5+ 0-1

[Event "CZE-tht Extraliga 2018-19"]
[Site "Czech Republic"]
[Date "2019.04.21"]
[Round "11.4"]
[White "Laznicka, Viktor"]
[Black "Simacek, Pavel"]
[Result "*"]
[WhiteElo "2666"]
[BlackElo "2471"]
[Annotator "TA"]
[PlyCount "46"]
[EventDate "2018.11.03"]
[EventType "team-tourn"]
[EventCountry "CZE"]
[SourceTitle "playchess.com"]
[Source "ChessBase"]
[SourceQuality "1"]
[WhiteTeam "Novoborsky"]
[BlackTeam "Turnov"]

1. d4 Nf6 2. Bg5 e6 3. Nf3 d5 4. e3 c6 5. Bd3 Qb6 6. Qc1 Nbd7 7. Nbd2 h6 8. Bh4 g5 9. Bg3 Nh5 10. Be5 Nxe5 11. Nxe5 c5 12. c3 Bd6 13. O-O cxd4 14. cxd4 Nf6 15. Qc2 Bd7 16. Rac1 Bb5 17. Bxb5+ Qxb5 18. f4 gxf4 19. Rxf4 Bxe5 20. dxe5 Nd7 21. Nf3 Qb6 22. Qc3 O-O 23. Kh1 Qd8 *

[Event "CZE-tht Extraliga 2018-19"]
[Site "Czech Republic"]
[Date "2019.04.21"]
[Round "11.4"]
[White "Polak, Tomas"]
[Black "Zwardon, Vojtech"]
[Result "1/2-1/2"]
[WhiteElo "2528"]
[BlackElo "2458"]
[Annotator "ChessBase"]
[PlyCount "145"]
[EventDate "2018.11.03"]
[EventType "team-tourn"]
[EventCountry "CZE"]
[SourceTitle "playchess.com"]
[Source "ChessBase"]
[SourceQuality "1"]
[WhiteTeam "Brno"]
[BlackTeam "Beskydska"]

1. d4 Nf6 2. c4 g6 3. Nc3 d5 4. cxd5 Nxd5 5. e4 Nxc3 6. bxc3 Bg7 7. Nf3 c5 8. Rb1 O-O 9. Be2 cxd4 10. cxd4 Qa5+ 11. Bd2 Qxa2 12. O-O b6 13. Qc1 Qe6 14. Re1 Bb7 15. Bb5 a6 16. Bc4 Qc6 17. d5 Qc7 18. Bf4 Qd8 19. Ne5 b5 20. Ba2 Nd7 21. Nc6 Bxc6 22. dxc6 Ne5 23. c7 Qc8 24. Qc2 e6 25. Red1 Qb7 26. Rbc1 Rfc8 27. Bg3 h5 28. Qc5 Ng4 29. f3 Bf8 30. Qd4 Bg7 31. Qc5 Bf8 32. Qd4 Bg7 33. Qd8+ Kh7 34. Qe7 Qb6+ 35. Kh1 Nf2+ 36. Bxf2 Qxf2 37. Bb1 h4 38. Rc2 Qb6 39. Qxh4+ Kg8 40. Qe7 Bf8 41. Qd7 b4 42. Rc6 Qb5 43. Bd3 Qa4 44. Bc4 Kh8 45. Rb1 Qc2 46. Bd3 Qd2 47. Rxa6 Rxc7 48. Qd4+ e5 49. Qxe5+ Kg8 50. Qxc7 Qxd3 51. Raa1 b3 52. Qc1 Ra2 53. Rxa2 bxa2 54. Ra1 Ba3 55. Qe1 Qb3 56. Qd1 Qxd1+ 57. Rxd1 Bb2 58. h4 a1=Q 59. Rxa1 Bxa1 60. Kh2 Kg7 61. Kh3 Bc3 62. Kg4 Kh6 63. f4 f6 64. g3 Be1 65. Kh3 Kg7 66. Kg4 Kf7 67. h5 gxh5+ 68. Kxh5 Bxg3 69. Kg4 Be1 70. Kf5 Bc3 71. e5 Bxe5 72. fxe5 fxe5 73. Kxe5 1/2-1/2